Design and construct systems: a comparative report (Record no. 94478)

MARC details
000 -LEADER
fixed length control field 00515cam a2200181 4500
001 - CONTROL NUMBER
control field D1157
008 - FIXED-LENGTH DATA ELEMENTS--GENERAL INFORMATION
fixed length control field 090401t1982 xxu||||| |||| 00| 0 eng d
035 ## - SYSTEM CONTROL NUMBER
System control number (Sirsi) u62743
041 ## - LANGUAGE CODE
Language code of text/sound track or separate title eng
050 ## - LIBRARY OF CONGRESS CALL NUMBER
Classification number 658.990994
110 ## - MAIN ENTRY--CORPORATE NAME
Corporate name or jurisdiction name as entry element The Australian Institute of Quantity Surveyors
9 (RLIN) 2374
245 ## - TITLE STATEMENT
Title Design and construct systems: a comparative report
260 ## - PUBLICATION, DISTRIBUTION, ETC.
Place of publication, distribution, etc. Crows Nest, NSW
Name of publisher, distributor, etc. The Australian Institute of Quantity Sur
Date of publication, distribution, etc. 1982
300 ## - PHYSICAL DESCRIPTION
Extent c105p. 30cm
350 ## - PRICE (NR) (BK AM CF MU VM SE) [OBSOLETE]
Price 18.15
942 ## - ADDED ENTRY ELEMENTS (KOHA)
Suppress in OPAC 0
948 ## - LOCAL PROCESSING INFORMATION (OCLC); SERIES PART DESIGNATOR (RLIN)
c (OCLC) 04/03/1997
Holdings
Withdrawn status Lost status Source of classification or shelving scheme Damaged status Not for loan Home library Current library Shelving location Date acquired Cost, normal purchase price Total Checkouts Full call number Barcode Date last seen Copy number Cost, replacement price Price effective from Koha item type
    Dewey Decimal Classification     London London Basement 19/08/1991 18.15   SHELF 202 30017784 06/08/2019 1 18.15 06/08/2019 Book